Modern systems analysis and design / (Record no. 11335)
[ view plain ]
| 000 -LEADER | |
|---|---|
| fixed length control field | 01595cam a2200409 a 4500 |
| 001 - CONTROL NUMBER | |
| control field | 14640838 |
| 003 - CONTROL NUMBER IDENTIFIER | |
| control field | EG-ScBUE |
| 005 - DATE AND TIME OF LATEST TRANSACTION | |
| control field | 20201014092921.0 |
| 008 - FIXED-LENGTH DATA ELEMENTS--GENERAL INFORMATION | |
| fixed length control field | 061120t2008 njua f bd 001 0 eng d |
| 020 ## - INTERNATIONAL STANDARD BOOK NUMBER | |
| International Standard Book Number | 0136132960 |
| 020 ## - INTERNATIONAL STANDARD BOOK NUMBER | |
| International Standard Book Number | 9780136132967 |
| 035 ## - SYSTEM CONTROL NUMBER | |
| System control number | (OCoLC)ocm76786769 |
| 035 ## - SYSTEM CONTROL NUMBER | |
| System control number | (OCoLC)76786769 |
| 040 ## - CATALOGING SOURCE | |
| Original cataloging agency | DLC |
| Language of cataloging | eng |
| Description conventions | rda |
| Transcribing agency | DLC |
| Modifying agency | BAKER |
| -- | BTCTA |
| -- | C#P |
| -- | YDXCP |
| -- | DLC |
| -- | EG-ScBUE |
| 082 04 - DEWEY DECIMAL CLASSIFICATION NUMBER | |
| Classification number | 658.4038 |
| Item number | HOF |
| Edition number | 22 |
| 100 1# - MAIN ENTRY--PERSONAL NAME | |
| Personal name | Hoffer, Jeffrey A., |
| Relator term | author. |
| 9 (RLIN) | 3865 |
| 245 10 - TITLE STATEMENT | |
| Title | Modern systems analysis and design / |
| Statement of responsibility, etc | Jeffrey A. Hoffer, University of Dayton, Joey F. George, Florida State University, Joseph S. Valacich, Washington State University. |
| 250 ## - EDITION STATEMENT | |
| Edition statement | Fifth edition. |
| 250 ## - EDITION STATEMENT | |
| Edition statement | Pearson International Edition |
| 264 #1 - PUBLICATION, DISTRIBUTION, ETC. (IMPRINT) | |
| Place of publication, distribution, etc | New Jersey : |
| Name of publisher, distributor, etc | Pearson Education, Inc., |
| Date of publication, distribution, etc | [2008] |
| 264 #4 - PUBLICATION, DISTRIBUTION, ETC. (IMPRINT) | |
| Date of publication, distribution, etc | c2008 |
| 300 ## - PHYSICAL DESCRIPTION | |
| Extent | xxxii, 602 pages : |
| Other physical details | color illustrations ; |
| Dimensions | 29 cm |
| 336 ## - CONTENT TYPE | |
| Source | rdacontent |
| Content type term | text |
| Content type code | txt |
| 337 ## - MEDIA TYPE | |
| Source | rdamedia |
| Media type term | unmediated |
| Media type code | n |
| 338 ## - CARRIER TYPE | |
| Source | rdacarrier |
| Carrier type term | volume |
| Carrier type code | nc |
| 500 ## - GENERAL NOTE | |
| General note | Includes glossary. |
| 504 ## - BIBLIOGRAPHY, ETC. NOTE | |
| Bibliography, etc | Includes bibliographical references and index. |
| 650 #7 - SUBJECT ADDED ENTRY--TOPICAL TERM | |
| Topical term or geographic name as entry element | System design. |
| Source of heading or term | BUEsh |
| 9 (RLIN) | 3866 |
| 650 #7 - SUBJECT ADDED ENTRY--TOPICAL TERM | |
| Topical term or geographic name as entry element | System analysis. |
| Source of heading or term | BUEsh |
| 9 (RLIN) | 3867 |
| 653 ## - INDEX TERM--UNCONTROLLED | |
| Resource For college | BAEPS, Business Administration |
| Arrived date list | October2020 |
| 655 ## - INDEX TERM--GENRE/FORM | |
| Form subdivision | Reading book |
| 9 (RLIN) | 34232 |
| 700 1# - ADDED ENTRY--PERSONAL NAME | |
| Personal name | George, Joey F., |
| Relator term | author. |
| 9 (RLIN) | 3868 |
| 700 1# - ADDED ENTRY--PERSONAL NAME | |
| Personal name | Valacich, Joseph S., |
| Dates associated with a name | 1959- |
| Relator term | author. |
| 9 (RLIN) | 3869 |
| 856 41 - ELECTRONIC LOCATION AND ACCESS | |
| Materials specified | Table of contents only |
| Uniform Resource Identifier | <a href="http://www.loc.gov/catdir/toc/ecip075/2006038810.html">http://www.loc.gov/catdir/toc/ecip075/2006038810.html</a> |
| 942 ## - ADDED ENTRY ELEMENTS (KOHA) | |
| Source of classification or shelving scheme | Dewey Decimal Classification |
| Koha item type | Book - Borrowing |
| Withdrawn status | Lost status | Source of classification or shelving scheme | Damaged status | Not for loan | Collection code | Home library | Current library | Shelving location | Date acquired | Source of acquisition | Cost, normal purchase price | Serial Enumeration / chronology | Total Checkouts | Total Renewals | Full call number | Barcode | Date last seen | Date checked out | Price effective from | Koha item type |
|---|---|---|---|---|---|---|---|---|---|---|---|---|---|---|---|---|---|---|---|---|
| Dewey Decimal Classification | Baccah | Central Library | Central Library | First floor | 21/04/2009 | 256.00 | 7073 | 4 | 2 | 658.4038 HOF | 000015611 | 15/07/2025 | 25/11/2015 | 21/04/2009 | Book - Borrowing | |||||
| Dewey Decimal Classification | Alahram | Central Library | Central Library | First floor | 30/05/2009 | 225.00 | 378 | 3 | 3 | 658.4038 HOF | 000016541 | 15/07/2025 | 17/09/2015 | 30/05/2009 | Book - Borrowing | |||||
| Dewey Decimal Classification | Baccah | Central Library | Central Library | First floor | 14/10/2020 | Purchase | 658.4038 HOF | 000049963 | 15/07/2025 | 14/10/2020 | Book - Borrowing |